Notre Dame Football Opponents Since 2000 - Statistics

General Stats
  • This quiz has been taken 458 times
    397 since last reset
  • The average score is 46 of 69
Answer Stats
Times Played Answer % Correct
23 Southern California
96%
15 Michigan
95%
4 Ohio St
93%
2 Alabama
91%
23 Navy
90%
2 Georgia
89%
16 Michigan St
88%
3 Army
87%
2 Texas
86%
6 Clemson
85%
23 Stanford
85%
7 Florida St
84%
4 Miami (FL)
84%
1 Miami (OH)
84%
16 Purdue
83%
7 North Carolina
80%
3 Virginia
79%
3 LSU
78%
5 Georgia Tech
76%
2 Oklahoma
76%
2 Penn St
76%
16 Boston College
74%
2 Texas AM
74%
5 Duke
73%
15 Pittsburgh
73%
2 UCLA
73%
4 Washington
73%
3 Tennessee
72%
3 Oregon St
71%
4 Virginia Tech
71%
8 Syracuse
70%
4 Louisville
69%
1 South Carolina
69%
1 California
68%
4 North Carolina St
68%
1 Wisconsin
68%
6 Air Force
67%
1 Oklahoma St
64%
2 Arizona St
63%
6 Wake Forest
63%
6 BYU
61%
2 Northwestern
61%
1 Utah
61%
1 Iowa St
60%
2 Nebraska
60%
2 Washington St
60%
2 Maryland
58%
3 Rutgers
56%
1 Marshall
55%
2 West Virginia
55%
1 Vanderbilt
53%
1 Connecticut
52%
1 Central Michigan
50%
1 Cincinnati
50%
2 Nevada
50%
1 New Mexico
50%
1 Toledo
50%
1 Massachusetts
49%
1 Ball St
48%
1 Western Michigan
48%
2 South Florida
47%
1 UNLV
47%
3 Temple
46%
1 Bowling Green
42%
1 Hawaii
41%
1 San Diego St
38%
1 Rice
34%
1 Tulsa
34%
1 Tennessee St
27%
No matching quizzes found
Score Distribution
Percent of People with Each Score
Percentile by Number Answered
Your Score History
You have not taken this quiz since the last reset